| 000 | 00405cam a22001097a 4500 | ||
|---|---|---|---|
| 008 | 180718b1975 xxu||||| |||| 00| 0 eng d | ||
| 082 | _aXA4 x72 w892 | ||
| 245 |
_aInfonavit's role in the program for solving Mexico's urban and housing problems _cBy Worker's national housing fund institute |
||
| 260 |
_aMexico _bWorker's national housing fund institute _c1975 |
||
| 300 | _a95p. | ||
| 650 | _aUrban and housing | ||
| 999 |
_c414444 _d414444 |
||